000 00562nam a2200229Ia 4500
003 OSt
005 20221005133515.0
006 a|||||r|||| 00| 0
007 ta
008 221004b |||||||| |||| 00| 0 tam d
024 _a51676
037 _cTextual
040 _aCRL
_cCRL
_btam
041 _2tam
_atam
082 _aR635, 31L8
100 _aTamizvannan Au.
_9636734
245 0 _aYogasanam kattukolngal
260 _c1978
650 _aPHILOSOPHY
942 _hR635, 31L8
_cTEXL
_2cc
999 _c1067043
_d1067043